000 00294nam a2200109 4500
999 _c10429
_d10429
008 180829b ||||| |||| 00| 0 eng d
245 _aIn search of human rights.
260 _aPhilippines
_bThe Philippine Star
_cc2017
300 _apage D2.
650 0 _930609
_aHuman rights.
942 _2ddc
_cPER